000
00255nam a2200109 a 4500
008
110314s2004|||| d
245
1
0
_a
Zmaturuj z literatúry 1
260
_b
Didaktis
_a
Bratislava
_c
2004
020
_c
219
041
_a
slo
044
_a
xo
_c
SK
999
_c
18188
_d
18188